Derecho y orden: cuatro ensayos para el análisis realista de los fenómenos jurídicos
محفوظ في:
| المؤلف الرئيسي: | |
|---|---|
| التنسيق: | كتاب |
| اللغة: | الإسبانية |
| منشور في: |
Ciudad de México
Fontamara
1998
|
| سلاسل: | Biblioteca de Etica, Filosofía del Derecho y Política, 63
|
| الموضوعات: | |
| الوسوم: |
إضافة وسم
لا توجد وسوم, كن أول من يضع وسما على هذه التسجيلة!
|
MARC
| LEADER | 00000nam a2200000 a 4500 | ||
|---|---|---|---|
| 001 | UCN5190 | ||
| 003 | CL-VaPUC | ||
| 008 | 010824e19980000MX |||||||||||||||||spa|d | ||
| 082 | 0 | 4 | |a 340.11 |b DIA |2 21 |
| 100 | 0 | |a Díaz y Díaz, Martín |e author |9 461202 | |
| 245 | 1 | 0 | |a Derecho y orden: cuatro ensayos para el análisis realista de los fenómenos jurídicos |
| 300 | |a 260 p | ||
| 942 | |c BK | ||
| 945 | |d 20010824 00:00:00 |a vberengu | ||
| 260 | |a Ciudad de México |b Fontamara |c 1998 | ||
| 600 | 0 | 7 | |a DURKHEIM, EMILE |2 CL-VaPUC |9 314700 |
| 600 | 0 | 7 | |a ROSS, ALF |2 CL-VaPUC |9 461203 |
| 600 | 0 | 7 | |a WEBER, MAX |2 CL-VaPUC |9 314708 |
| 600 | 0 | 7 | |a RAZ, JOSEPH |2 CL-VaPUC |9 461188 |
| 600 | 0 | 7 | |a HART, H. L. A |2 CL-VaPUC |9 257373 |
| 650 | 7 | |a TEORIA PURA DEL DERECHO |2 CL-VaPUC |9 256473 | |
| 650 | 0 | |a Sociología del derecho |9 254890 | |
| 583 | |a last modification |c 20010824 00:00:00 |k Rodrigo Vera | ||
| 490 | 0 | |a Biblioteca de Etica, Filosofía del Derecho y Política, 63 | |
| 999 | |c 296847 |d 296845 | ||
| 952 | |0 0 |1 0 |4 0 |6 340_110000000000000_DIA_1998 |7 0 |8 DER_TF |9 351044 |a BIBDER |b BIBDER |d 2019-11-21 |i 3732088 |o 340.11 DIA 1998 |p 3732088 |r 2023-01-25 |w 2019-11-21 |x Ubicación 4to Piso |y BK |z Estos recursos deben solicitarse con anticipación |k DER | ||